Quizzes
Events
Quiz Creation
Community
Videos
Private Events
Remove Ads
Sign In
Join for FREE
Feedback
Dark Mode
Quiz Categories
Sports
Geography
Music
Movies
Television
Just For Fun
Miscellaneous
History
Literature
Language
Science
Gaming
Entertainment
Religion
Holiday
For Kids
Quiz Lab
Recent
Popular Today
Quiz Kudos Today
Editor Picks
Curator Picks
Quizzes by...
Day
Popularity
Type
Ratings
Length
Year
Community
Subscriptions
Recent Discussions
Orange Saloon
Badges
Playlists
Quests
Create
Leaderboards
Showdown
Live 5
Trivia Bingo
Activity
Puzzle Library
Sporcle Events
Private Events
Virtual Trivia
Globe League
Become a Host
Pub Owners
SporcleCon
Opinionation
Our Games
Videos
Blog
Mobile Apps
Partnerships
Remove Ads and Go Orange
Feedback
Sports
Athletes
MLB
NBA
NHL
NFL
Soccer
Sports Teams
WWE
NCAA
Football
Premier League
Basketball
Baseball
Hockey
Golf
Tennis
Cricket
Rugby
Auto Racing
Olympics
World Cup
Sports
Athletes
MLB
NBA
NHL
NFL
Soccer
Sports Teams
WWE
NCAA
Football
Premier League
Basketball
Baseball
Hockey
Golf
Tennis
Cricket
Rugby
Auto Racing
Olympics
World Cup
Random Quiz
Search Sporcle
×
Quiz Lab
Quiz Lab
Sports
Football
Type in answers that appear in a list
Type in answers that appear in a list
Classic
Best Score? Go Orange.
Cotton Bowl Winners and Losers Stats
Can you name the winners and losers in Cotton Bowl history?
By
starkjohn6
7m
150 Questions
457 Plays
457 Plays
457 Plays
Comments
Comments
Give Quiz Kudos
Give Quiz Kudos
-
- Ratings
hide this ad
More Info
Replay
Link that replays current quiz
Next Quiz
Link to next quiz in quiz playlist
You Got
0%
They Got
Avg Score
87%
Avg Friend Score
Upgrade to see
Score Distribution
Jump to the score distribution portion of the page
Score
0/150
Timer
07:00
0
Plays Today
Date Played
Winner/Loser
% Correct
1/
1/
1943
Texas
99.1%
1/
1/
1946
Texas
99.1%
1/
1/
1953
Texas
99.1%
1/
1/
1962
Texas
99.1%
1/
1/
1964
Texas
99.1%
1/
1/
1969
Texas
99.1%
1/
1/
1970
Texas
99.1%
1/
1/
1973
Texas
99.1%
1/
1/
1982
Texas
99.1%
1/
1/
1999
Texas
99.1%
1/
1/
2003
Texas
99.1%
1/
1/
1944
Texas
99.1%
1/
1/
1951
Texas
99.1%
1/
1/
1960
Texas
99.1%
1/
1/
1963
Texas
99.1%
1/
1/
1971
Texas
99.1%
1/
1/
1972
Texas
99.1%
1/
1/
1974
Texas
99.1%
1/
2/
1978
Texas
99.1%
1/
2/
1984
Texas
99.1%
1/
1/
1991
Texas
99.1%
1/
1/
2000
Texas
99.1%
1/
1/
2002
Oklahoma
96.9%
1/
1/
1941
Texas A&M
95.6%
1/
1/
1968
Texas A&M
95.6%
1/
1/
1986
Texas A&M
95.6%
1/
1/
1988
Texas A&M
95.6%
1/
1/
1942
Texas A&M
95.6%
1/
1/
1987
Texas A&M
95.6%
1/
1/
1992
Texas A&M
95.6%
1/
1/
1993
Texas A&M
95.6%
1/
1/
1994
Texas A&M
95.6%
1/
1/
1998
Texas A&M
95.6%
1/
1/
2005
Texas A&M
95.6%
1/
7/
2011
Texas A&M
95.6%
1/
1/
1942
Alabama
95.2%
1/
1/
1963
LSU
95.2%
1/
1/
1966
LSU
95.2%
1/
1/
1981
Alabama
95.2%
1/
2/
2006
Alabama
95.2%
1/
7/
2011
LSU
95.2%
1/
1/
1947
LSU
95.2%
1/
1/
1954
Alabama
95.2%
1/
1/
1968
Alabama
95.2%
1/
1/
1973
Alabama
95.2%
1/
1/
1982
Alabama
95.2%
1/
1/
2003
LSU
95.2%
1/
1/
1947
Arkansas
93.4%
1/
1/
1965
Arkansas
93.4%
1/
1/
1976
Arkansas
93.4%
Date Played
Winner/Loser
% Correct
1/
1/
2000
Arkansas
93.4%
1/
1/
1955
Arkansas
93.4%
1/
2/
1961
Arkansas
93.4%
1/
1/
1966
Arkansas
93.4%
1/
2/
1989
Arkansas
93.4%
1/
1/
1990
Arkansas
93.4%
1/
1/
2002
Arkansas
93.4%
1/
1/
2008
Arkansas
93.4%
12/
31/
1966
Georgia
93%
1/
2/
1984
Georgia
93%
1/
1/
1976
Georgia
93%
1/
1/
1971
Notre Dame
92.8%
1/
2/
1978
Notre Dame
92.8%
1/
1/
1979
Notre Dame
92.8%
1/
1/
1993
Notre Dame
92.8%
1/
1/
1994
Notre Dame
92.8%
1/
1/
1970
Notre Dame
92.8%
1/
1/
1988
Notre Dame
92.8%
1/
1/
1945
Oklahoma St.
92.6%
1/
2/
2004
Oklahoma St.
92.6%
1/
2/
2010
Oklahoma St.
92.6%
1/
2/
1939
Texas Tech
91%
1/
2/
1995
Texas Tech
91%
1/
2/
2006
Texas Tech
91%
1/
2/
2009
Texas Tech
91%
1/
2/
1956
Mississippi
90.6%
1/
2/
2004
Mississippi
90.6%
1/
2/
2009
Mississippi
90.6%
1/
2/
2010
Mississippi
90.6%
1/
1/
1962
Mississippi
90.6%
1/
1/
1951
Tennessee
90.4%
1/
1/
1990
Tennessee
90.4%
1/
1/
2005
Tennessee
90.4%
1/
1/
1953
Tennessee
90.4%
1/
1/
1969
Tennessee
90.4%
1/
1/
2001
Tennessee
90.4%
1/
1/
2001
Kansas St.
90%
1/
1/
1997
Kansas St.
90%
1/
1/
1937
TCU
89.7%
1/
1/
1957
TCU
89.7%
1/
1/
1945
TCU
89.7%
1/
1/
1952
TCU
89.7%
1/
2/
1956
TCU
89.7%
1/
1/
1959
TCU
89.7%
1/
1/
1974
Nebraska
89.5%
1/
1/
1965
Nebraska
89.5%
1/
1/
1980
Nebraska
89.5%
1/
1/
2007
Nebraska
89.5%
1/
2/
1995
USC
88.6%
1/
1/
1992
Florida St.
88%
Date Played
Winner/Loser
% Correct
1/
1/
1991
Miami (FL)
87.6%
1/
1/
1949
SMU
87.3%
1/
1/
1983
SMU
87.3%
1/
1/
1948
SMU
87.3%
12/
31/
1966
SMU
87.3%
1/
1/
1975
Baylor
87.3%
1/
1/
1981
Baylor
87.3%
1/
1/
1977
Houston
87.1%
1/
1/
1980
Houston
87.1%
1/
1/
1979
Houston
87.1%
1/
1/
1985
Houston
87.1%
1/
2/
1989
UCLA
86.9%
1/
1/
1998
UCLA
86.9%
1/
1/
2008
Missouri
86.9%
1/
1/
1946
Missouri
86.9%
1/
1/
2007
Auburn
86.5%
1/
1/
1986
Auburn
86.5%
1/
1/
1996
Colorado
84.5%
1/
1/
1938
Colorado
84.5%
1/
1/
1948
Penn St.
83.2%
1/
1/
1972
Penn St.
83.2%
1/
1/
1975
Penn St.
83.2%
1/
1/
1987
Ohio St.
83%
1/
1/
1938
Rice
80.6%
1/
2/
1950
Rice
80.6%
1/
1/
1954
Rice
80.6%
1/
1/
1958
Rice
80.6%
1/
1/
1999
Mississippi St.
80.3%
1/
1/
1949
Oregon
78.6%
1/
1/
1996
Oregon
78.6%
1/
1/
1955
Georgia Tech
76.4%
1/
1/
1943
Georgia Tech
76.4%
1/
1/
1952
Kentucky
74.7%
1/
2/
1950
North Carolina
74.2%
1/
1/
1983
Pittsburgh
73.6%
1/
1/
1960
Syracuse
72.5%
1/
1/
1957
Syracuse
72.5%
1/
1/
1958
Navy
72.3%
1/
1/
1964
Navy
72.3%
1/
1/
1997
BYU
71.8%
1/
1/
1977
Maryland
70.5%
1/
1/
1940
Clemson
70.1%
1/
1/
1985
Boston College
67.9%
1/
1/
1940
Boston College
67.9%
1/
2/
1961
Duke
66.2%
1/
1/
1959
Air Force
59.2%
1/
2/
1939
Saint Mary's (CA)
23.4%
1/
1/
1944
Randolph Field
21.2%
1/
1/
1937
Marquette
19.2%
1/
1/
1941
Fordham
19%
Quiz Playlist
Details
Report
Send in Message
Add To Playlist
More Info:
NOTE:Winners are in the Left Column, Losers are in the Right Column Team Name, No mascots
Classic:
Type in answers that appear in a list
Quiz Source
Last Updated: Feb 16, 2017
Quiz Scoreboard
CHALLENGE
Sign Up to Join the Scoreboard
Show All
Scores
Hide
Comments
May contain spoilers
Recently Published
Presidents Visiting Landmarks
by Hejman
History
7m
An Introduction to Baseball
by treessimontrees
Sports
5m
Movies - When Are They Set?
by FPL_Elf
Movies
5m
More to Explore
Quiz From the Vault
Featured Blog Post
Where Did the Easter Bunny Come From?
hide this ad
You Might Also Like...
Tags
College Quiz
Football Quiz
Bowl
cotton
Cotton Bowl
Loser
NCAA Football
point
Winner
Today's Top Quizzes in Sports
Browse Sports
hide this ad
Today's Top Quizzes in Football
Browse Football
Top Contributed Quizzes in Sports
1
Les meilleurs buteurs des matchs entre le PSG et l’OM
2
2022 World Cup Stars
3
FIFA Club World Cup Champions
4
Les entraîneurs de l'OM et du PSG au 21e siècle
5
Name the Premier League winners with different clubs
6
La finale Lions - Afrique du Sud 2021
7
5-to-1: UK Sports Teams
8
England Test cricketers to play under Nasser Hussain
9
Players with Multiple 50 Home Run Seasons
10
AFC Teams Reveal (Wrong Answers Minefield)
Explore More
Trending Topics
NBA
Crossword
Harry Potter
Marvel
Disney
Anime
Kpop
Soccer
Country
Puzzle
NFL
WWE
Song
The Office
Pokémon
hide this ad
More By:
starkjohn6
Quiz
Plays
Rating
Category
Featured
Created
Rose Bowl Winners and Losers
763
2.60
Sports
Dec 3, 2011
Cotton Bowl Winners and Losers
457
4.67
Sports
Dec 3, 2011
NFL Franchises West to East
196
Sports
Dec 3, 2011
Consecutive Bowl Wins
195
Sports
Dec 3, 2011
All-Time Consecutive Bowl Appearances
150
Sports
Dec 3, 2011
Go to Creator's Profile
Score Distribution
Quiz Creator Spotlight
starkjohn6
Follow
Send a Message
Quizzes Created
-
Created Quiz Play Count
-
More By This Creator
Popular Quizzes Today
1
Find the US States - No Outlines Minefield
2
Find the Countries of Europe - No Outlines Minefield
3
The Countries of the World
4
Find the US States
5
Popular People in 1961
6
US States
7
Risky Map Clicking: Biggest States A-Z
8
Movies - When Are They Set?
More Sports Quizzes
Elite Eight Teams of the 1980s
Published
Trending Quizzes
Risky Map Clicking: Least Populous States A-Z
1-10 Letter G Words
1-10 Letter F Words
Risky Map Clicking: Next State Alphabetically
Risky Map Clicking: Biggest States A-Z
Recently Updated
Leaping Animals
pecheneg
Reality TV Shows (A-Z)
bhenderson79
Rickey Henderson's Hall of Fame Teammates
pecheneg
Champions League XIs: Arsenal
pecheneg
Quick Pick: Celebrities in WWE's Hall of Fame
aduchscher
A-Z Keypad Blitz II
pecheneg
Multiple Oscar Actors
pecheneg
Mystery Phrase Blitz: Oscar 'Best Actors'
pecheneg
F. Scott Fitzgerald Novels
LTH
Pick 3 Villains
ddd62291
Trending Topics
Crossword
Marvel
Harry Potter
Kpop
Disney
Anime
NBA
Soccer
Pokémon
Country
NFL
Puzzle
Song
WWE
The Office
Your Account Isn't Verified!
In order to create a playlist on Sporcle, you need to verify the email address you used during registration. Go to your
Sporcle Settings
to finish the process.
Report this User
Report this user for behavior that violates our
Community Guidelines
.
Details:
Send Report
Go to the Sporcle.com Mobile Site →
Comments